Statistiken für Die meisten religiösen EU-Länder

Klicken Sie hier um das Quiz zu spielen!

Allgemein

  • Dieses Quiz wurde 485 mal gespielt
    (394 seit der letzten Aktualisierung)
  • Das Durchschnittsergebnis liegt bei 5 aus 10

Antwortstatistiken

%Religiöses Land% Korrekt
74Italien
88%
79Polen
84%
70Portugal
67%
79Griechenland
63%
69Kroatien
47%
94Rumänien
45%
63Slowakei
37%
70Irland
35%
94Malta
24%
88Zypern
13%

Verteilung der Resultate

Perzentil nach korrekt beantworteten Fragen

Anzahl Personen mit jedem Resultat

Ihre Resultats-Entwicklung

Sie haben dieses Quiz seit der letzten Aktualisierung nicht gespielt